Страны с удвоенными буквами - Statistics

General Stats
  • This quiz has been taken 59 times
  • The average score is 3 of 8
Answer Stats
Часть света Страна % Correct
Европа Россия
79%
Европа Андорра
69%
Азия Филиппины
51%
Африка Марокко
41%
Океания Маршалловы Острова
41%
Африка Сьерра-Леоне
23%
Северная Америка США (Соединённые Штаты Америки)
15%
Азия ОАЭ (Объединённые Арабские Эмираты)
13%
No matching quizzes found
Score Distribution
Percent of People with Each Score
Percentile by Number Answered
Your Score History
You have not taken this quiz